000 00650nab a2200229 a 4500
001 74030
003 148411
005 20201118111201.0
008 ||||||n9999 ||| || ||
041 _aeng
100 _aHartzell, Caroline A.
245 0 _aExplaining the stability of negotiated settlements of intrastate wars
260 _aEstados Unidos :
_bSage Publications Inc.,
_c1999.
300 _app.3-22
562 _e0
650 _aANALISIS POLITICO
650 _aGUERRA CIVIL
650 _aNEGOCIACION DE CONFLICTOS
650 _aPODER (CIENCIAS SOCIALES)
773 _072632
_aConflict Resolution - Vol.43 No.1
942 _cSART
999 _c74030
_d74030